| 000 | 02388nam a2200553 i 4500 | ||
|---|---|---|---|
| 001 | a5915012 | ||
| 003 | CO-MdFUSB | ||
| 005 | 20240508122305.0 | ||
| 007 | ta | ||
| 007 | cr aa uaaaa | ||
| 008 | 170323s2017 sp 000 0 spa | ||
| 017 |
_aNA 88-2017 _bOficina Depósito Legal Navarra |
||
| 020 |
_a9788490732953 _qimpreso |
||
| 020 |
_a9788490733042 _qelectrónico |
||
| 040 |
_aSpMaBN _bspa _cCO-MdFUSB _erdc _dCO-MdFUSB |
||
| 041 | _aspa | ||
| 082 |
_224 _a223 _bN677 |
||
| 100 | 1 |
_aNieto Rentería, Francisco _d1961- _4autor |
|
| 245 | 1 | 0 |
_aIntroducción a la literatura sapiencial _b: Proverbios, Job, Qohélet, Sabiduría y Eclesiástico _c/ Francisco Nieto Rentería , Antonino Cepeda Salazar , Hugo Alberto Chávez Jiménez _h[Físico y electrónico] |
| 264 | 1 |
_aEstella, Navarra _bVerbo Divino _c[2017] |
|
| 264 | 4 | _c©2017 | |
| 300 |
_a317 páginas _c: 21 cm |
||
| 336 |
_atexto _2rdacontent _btxt |
||
| 337 |
_2rdamedia _asin mediación _bn |
||
| 337 |
_2rdamedia _ainformático _bc |
||
| 338 |
_2rdacarrier _avolumen _bnc |
||
| 338 |
_2rdacarrier _aremoto _bcr |
||
| 490 | 0 | _aBiblioteca biblica básica | |
| 504 | _aBibliografía: páginas: 310-313 | ||
| 505 |
_aIntroducción a los libros sapienciales bíblicos. _r/ Francisco Nieto Rentería |
||
| 505 |
_aEl libro de Proverbios. _r/ Francisco Nieto Rentería |
||
| 505 |
_aEl libro de Job. _r/ Francisco Nieto Rentería |
||
| 505 |
_aEl libro de Eclesiastés. _r/ Francisco Nieto Rentería |
||
| 505 |
_aEl libro de La Sabiduría . _r/ Antonio Cepeda Salazar |
||
| 505 |
_aEl libro de Eclesiástico o Sirácida _r/ Hugo Alberto Chávez Jiménez. |
||
| 506 | _aPréstamo en biblioteca del libro físico | ||
| 506 | _aSolicitar clave y usuario para acceder al libro electrónico | ||
| 563 | _aRústico | ||
| 630 | 0 | 7 |
_aBiblia. _pLibros sapienciales _xCrítica e interpretación _2embne |
| 700 | 1 |
_aCepeda, Antonino _d1961- |
|
| 700 | 1 |
_aChávez Jiménez, Hugo Alberto _d1960- |
|
| 856 |
_b3813087 _dhttps://web.p.ebscohost.com/ehost/detail/detail?vid=10&sid=39cbcae9-7bb3-4ee7-9d3f-ad379338b438%40redis&bdata=Jmxhbmc9ZXMmc2l0ZT1laG9zdC1saXZl#AN=3813087&db=nlebk _zAbrir Versión electrónica del libro AQUÍ |
||
| 942 | _cBK | ||
| 945 | _aJTF-925 | ||
| 999 |
_c63936 _d63936 |
||